<?xml version="1.0" encoding="UTF-8"?>
<record
    xmlns:xsi="http://www.w3.org/2001/XMLSchema-instance"
    xsi:schemaLocation="http://www.loc.gov/MARC21/slim http://www.loc.gov/standards/marcxml/schema/MARC21slim.xsd"
    xmlns="http://www.loc.gov/MARC21/slim">

  <leader>01064cam a2200253 i 4500</leader>
  <controlfield tag="001">79203</controlfield>
  <controlfield tag="003">BD-RjUL</controlfield>
  <controlfield tag="005">20220117123803.0</controlfield>
  <controlfield tag="008">220119s1911    ii            000 0 per d</controlfield>
  <datafield tag="035" ind1=" " ind2=" ">
    <subfield code="a">(BD-RjUL)79203</subfield>
  </datafield>
  <datafield tag="040" ind1=" " ind2=" ">
    <subfield code="a">CLE</subfield>
    <subfield code="b">eng</subfield>
    <subfield code="c">CLE</subfield>
    <subfield code="e">rda</subfield>
    <subfield code="d">OCLCQ</subfield>
    <subfield code="d">UkOxU</subfield>
  </datafield>
  <datafield tag="041" ind1=" " ind2=" ">
    <subfield code="a">per</subfield>
  </datafield>
  <datafield tag="082" ind1=" " ind2=" ">
    <subfield code="2">23</subfield>
    <subfield code="a">297.5</subfield>
    <subfield code="b"> MUA 1911</subfield>
  </datafield>
  <datafield tag="100" ind1="1" ind2=" ">
    <subfield code="a">Mulla, Jal&#x101;l al-D&#x12B;n Mu&#x1E25;aqqiq</subfield>
    <subfield code="d">1427-1502,</subfield>
    <subfield code="e">author.</subfield>
    <subfield code="9">774</subfield>
  </datafield>
  <datafield tag="245" ind1="1" ind2="0">
    <subfield code="a">&#x627;&#x62E;&#x644;&#x627;&#x642; &#x62C;&#x644;&#x627;&#x644;&#x649; ;; Akhl&#x101;q-i Jal&#x101;l&#x12B; /</subfield>
    <subfield code="c">Jal&#x101;l al-D&#x12B;n Mu&#x1E25;aqqiq, Mulla&#xCC;. ;; &#x62C;&#x644;&#x627;&#x644; &#x627;&#x644;&#x62F;&#x64A;&#x646; &#x645;&#x62D;&#x642;&#x642; &#x627;&#x644;&#x645;&#x644;&#x627;. </subfield>
  </datafield>
  <datafield tag="246" ind1="1" ind2="5">
    <subfield code="a">&#x627;&#x62E;&#x644;&#x627;&#x642; &#x62C;&#x644;&#x627;&#x644;&#x649;   ;; Akhl&#x101;q-i-Jal&#x101;l&#x12B;</subfield>
  </datafield>
  <datafield tag="264" ind1=" " ind2="1">
    <subfield code="a">&#x644;&#x643;&#x647;&#x646;&#x648;&#x621; :lakahnu':</subfield>
    <subfield code="b">&#x62F;&#x631; &#x645;&#x637;&#x628;&#x639; &#x645;&#x646;&#x634;&#x64A; &#x646;&#x648;&#x644; &#x643;&#x634;&#x648;&#x631;&#x62D;&#x644;&#x64A;&#x647;  &#x637;&#x628;&#x639; &#x67E;&#x648;&#x634;&#x6CC;&#x62F;&#x6C1;',</subfield>
    <subfield code="c">1911.</subfield>
  </datafield>
  <datafield tag="300" ind1=" " ind2=" ">
    <subfield code="a">350 pages ;</subfield>
    <subfield code="c">26 cm</subfield>
  </datafield>
  <datafield tag="500" ind1=" " ind2=" ">
    <subfield code="a">"Recommended for the degree of honour examinatin in Persian"--from added title page.</subfield>
  </datafield>
  <datafield tag="650" ind1=" " ind2="0">
    <subfield code="a">Islamic ethics</subfield>
    <subfield code="v">Early works to 1800.</subfield>
    <subfield code="9">775</subfield>
  </datafield>
  <datafield tag="700" ind1="1" ind2=" ">
    <subfield code="a">Grey, W. G.,</subfield>
    <subfield code="e">sponsor.</subfield>
    <subfield code="9">776</subfield>
  </datafield>
  <datafield tag="700" ind1="1" ind2=" ">
    <subfield code="a">Sh&#x12B;r&#x101;z&#x12B;, Mu&#x1E25;ammad K&#x101;&#x1E93;im,</subfield>
    <subfield code="d">1875 or 1876-1947 or 1948,</subfield>
    <subfield code="e">editor.</subfield>
    <subfield code="9">777</subfield>
  </datafield>
  <datafield tag="942" ind1=" " ind2=" ">
    <subfield code="2">ddc</subfield>
    <subfield code="c">BK</subfield>
  </datafield>
  <datafield tag="999" ind1=" " ind2=" ">
    <subfield code="c">79203</subfield>
    <subfield code="d">79203</subfield>
  </datafield>
  <datafield tag="952" ind1=" " ind2=" ">
    <subfield code="0">0</subfield>
    <subfield code="1">0</subfield>
    <subfield code="2">ddc</subfield>
    <subfield code="4">0</subfield>
    <subfield code="7">1</subfield>
    <subfield code="8">NFIC</subfield>
    <subfield code="a">RUCL</subfield>
    <subfield code="b">RUCL</subfield>
    <subfield code="c">Reading</subfield>
    <subfield code="d">2022-01-17</subfield>
    <subfield code="l">0</subfield>
    <subfield code="o">F 297.5  MUA 1911</subfield>
    <subfield code="r">2022-01-17 00:00:00</subfield>
    <subfield code="t">C-1</subfield>
    <subfield code="w">2022-01-17</subfield>
    <subfield code="y">BK</subfield>
  </datafield>
  <datafield tag="952" ind1=" " ind2=" ">
    <subfield code="0">0</subfield>
    <subfield code="1">0</subfield>
    <subfield code="2">ddc</subfield>
    <subfield code="4">0</subfield>
    <subfield code="7">0</subfield>
    <subfield code="8">NFIC</subfield>
    <subfield code="a">RUCL</subfield>
    <subfield code="b">RUCL</subfield>
    <subfield code="c">GEN</subfield>
    <subfield code="d">1969-05-10</subfield>
    <subfield code="e">Sk. mubarak Ali</subfield>
    <subfield code="g">5.00</subfield>
    <subfield code="l">0</subfield>
    <subfield code="o">F 297.5  MUA 1911</subfield>
    <subfield code="r">2023-10-17 00:00:00</subfield>
    <subfield code="t">C-2</subfield>
    <subfield code="w">2023-10-17</subfield>
    <subfield code="y">BK</subfield>
  </datafield>
</record>
